| 000 | 01899cam a22002895a 4500 | ||
|---|---|---|---|
| 999 |
_c27225 _d27196 |
||
| 001 | 17382998 | ||
| 005 | 20190310160443.0 | ||
| 008 | 120712s2017 enka fr 001 0 eng d | ||
| 010 | _a 2012027838 | ||
| 020 | _a9780077164393 | ||
| 020 | _a0077164393 | ||
| 040 |
_aDLC _beng _cDLC _dDLC _dEG-ScBUE |
||
| 042 | _apcc | ||
| 082 | 0 | 4 |
_a657 _bFUN _222 |
| 245 | 1 | 0 |
_aFundamental accounting principles / _cJohn J. Wild... [et al.]. |
| 250 | _a2nd ed., Middle East ed. | ||
| 260 |
_aLondon : _bMc-Graw-Hill Education, _c2017. |
||
| 300 |
_a1 v. (various pagings) : _bill. (col.) ; _c29 cm. |
||
| 500 | _aIncludes index. | ||
| 520 | _aThe new Middle East Edition of Fundamental Accounting Principles draws on six decades of the history and experience of this well-established US text and continues with its proven CAP(conceptual, analytical, practice) model along with the entrepreneurial and decision-making approach. This is reflected in the text’s extensive use of small business examples, the integration of computerised learning tools,superior end-of-chapter material using real companies’s financial information,and highly engaging pedagogical design - Key features of the new edition: *New opening vignettes featuring start-ups from Egypt, Lebanon, UAE, Oman, and other Middle East countries. *Updated End-of-Chapter problems and exercises. *Updated assignments in Beyond the Numbers section with real financial statements data from companies like Telecom Egypt and Etisalat. *NEW regional examples of payroll accounting introduced in Chapter 11. *Updated coverage of investments in Chapter 15. *A focus on financial accounting makes this a slimmer text with 17 chapters focusing on core financial accounting topics only. | ||
| 650 | 7 |
_aAccounting. _2BUEsh |
|
| 651 | _2BUEsh | ||
| 653 |
_bBUSADM _cMarch2019 |
||
| 655 | _vText book | ||
| 700 | 1 | _aWild, John J. | |
| 942 | _2ddc | ||